| 000 | 00598nam a22001697a 4500 | ||
|---|---|---|---|
| 003 | NUST | ||
| 038 | _aNusrat Nadeem | ||
| 082 | _a200 | ||
| 100 |
_aKhalil, Aqsa _9125068 |
||
| 245 |
_aIdentifying Barriers to the Adoption of Telemedicine in Pakistan: Through the lens of National System of Innovation/ _cAqsa Khalil, |
||
| 264 |
_aIslamabad; _bNBS NUST; _c2024. |
||
| 300 |
_a81,p; _bill; _c30,cm. |
||
| 650 |
_aMS-Innovation and Entrepreneurship _9114384 |
||
| 700 |
_aSupervisor: Dr. Ayesha Abrar _9120210 |
||
| 856 | _u: http://10.250.8.41:8080/xmlui/handle/123456789/45186 | ||
| 942 |
_2ddc _cSC |
||
| 999 |
_c610827 _d610827 |
||